01085nam a22002657a 4500003000500000005001700005008004100022010001000063011001000073035001100083040000900094100003400103245023200137260004000369300004300409502009900452530003600551650001800587650003300605650002400638650002800662650002700690700003800717856006400755CHAP20220329143331.0080904s2008 mx a r 00010 spa d a95099 a96071 a106712 cCHAP1 aLópez Velasco, José Luis.10aInstalación y prueba del torquímetro Arjessiger modelo 920 para determinar la potencia a la toma de fuerza de la fertilizadora al voleo Famaq modelo V300c/por José luís López Velasco y Julio César García Méndez aChapingo, Méx. :bEl autor,c2008 av, 90 h. :bilus. ; gráfs. ; cuadros aTesis (Ing. Mecánico Agrícola) -- UACH. Departamento de Ingeniería Mecánica Agrícola aTambién disponible en línea14aCinemática.14aFertilizantesxAplicación.14aFuerza y energía.14aInstrumentos de medida.14aMaquinaria agrícola.1 aGarcía Méndez, Julio César. 3Finding aiduhttp://10.13.5.2/tesis/106712.pdfzTeclea aqui